|
|
|
|
| LEADER |
01533cam a2200409 i 4500 |
| 001 |
nkc20152750107 |
| 003 |
CZ PrNK |
| 005 |
20160205073229.0 |
| 007 |
ta |
| 008 |
150904s2015 xr abcee 000 0 cze d |
| 015 |
|
|
|a cnb002750107
|
| 020 |
|
|
|a 978-80-87316-56-6
|q (brožováno)
|
| 035 |
|
|
|a (OCoLC)939571669
|
| 040 |
|
|
|a PNA001
|b cze
|d BOA001
|e rda
|
| 043 |
|
|
|a e-xr---
|b e-xr-pl
|2 czenas
|
| 072 |
|
7 |
|a 94(437)
|x Dějiny Česka a Slovenska
|2 Konspekt
|9 8
|
| 080 |
|
|
|a 94(437.317)
|2 MRF
|
| 080 |
|
|
|a (082.2)
|2 MRF
|
| 100 |
1 |
|
|a Procházka, Zdeněk,
|d 1954 červen 7.-
|7 jn20001227734
|4 aut
|
| 245 |
1 |
0 |
|a Chocomyšl :
|b 1365-2015 /
|c Zdeněk Procházka
|
| 264 |
|
1 |
|a Domažlice :
|b pro Obecní úřad v Chocomyšli vydal Zdeněk Procházka, Nakladatelství Českého lesa,
|c 2015
|
| 300 |
|
|
|a 63 stran :
|b ilustrace, mapy, portréty, plány, faksimile, erby ;
|c 21 cm
|
| 336 |
|
|
|a text
|b txt
|2 rdacontent
|
| 337 |
|
|
|a bez média
|b n
|2 rdamedia
|
| 338 |
|
|
|a svazek
|b nc
|2 rdacarrier
|
| 504 |
|
|
|a Obsahuje bibliografické odkazy
|
| 651 |
|
7 |
|a Chocomyšl (Česko)
|7 ge483633
|x dějiny
|2 czenas
|
| 651 |
|
9 |
|a Chocomyšl (Czechia)
|x history
|2 eczenas
|
| 655 |
|
7 |
|a jubilejní publikace
|7 fd131839
|2 czenas
|
| 655 |
|
9 |
|a jubilee books
|2 eczenas
|
| 710 |
1 |
|
|a Chocomyšl (Česko)
|7 ge483633
|4 isb
|
| 910 |
2 |
|
|a BOA001
|b 2-1357.448
|
| 928 |
9 |
|
|a Nakladatelství Českého lesa
|
| 990 |
|
|
|a BK
|
| 995 |
|
|
|a 01
|
| 991 |
|
|
|b 201512
|c NOV
|
| 996 |
6 |
|
|b 2610651993
|c 2-1357.448
|l MZK
|r Sklad / do 1 hodiny
|n 0
|p p.v.
|w 001534217
|u 000010
|a 1
|e BOA001
|j MZK50
|s P
|